000 00735nam a2200253Ia 4500
003 OSt
005 20220926015437.0
006 a|||||r|||| 00| 0
007 ta
008 220923b |||||||| |||| 00| 0 eng d
020 _a1403943648
037 _cGeneral Book
040 _aRTL
_cRTL
_beng
041 _2eng
_aeng
082 _aY9(W65).1(X).N9, P5
100 _aVivekanandan B
_939035
245 0 _aWelfare states and the future
260 _aNew York
_bPalgrave Macmillan
_c2005
300 _axviii,391p
_ccm.
500 _aBibliography: p364-371
700 _a Kurian Nimmi Ed.
_9322295
942 _hY9(W65).1(X).N9, P5
_cGB
_2CC
999 _c631553
_d631553